A material life: adventures & discoveries in materials research (Record no. 66941)

MARC details
000 -LEADER
fixed length control field 00289nam a22001097a 4500
005 - DATE AND TIME OF LATEST TRANSACTION
control field 20251009113918.0
008 - FIXED-LENGTH DATA ELEMENTS--GENERAL INFORMATION
fixed length control field 251009b |||||||| |||| 00| 0 eng d
040 ## - CATALOGING SOURCE
Transcribing agency PK-LaNCA
082 ## - DEWEY DECIMAL CLASSIFICATION NUMBER
Classification number 720
Item number MAT
245 ## - TITLE STATEMENT
Title A material life: adventures & discoveries in materials research
942 ## - ADDED ENTRY ELEMENTS (KOHA)
Koha item type Book
999 ## -
-- 66941
-- 66941
Holdings
Withdrawn status Weedout from Library Permanent Location Current Location Date acquired Full call number Barcode Price effective from Koha item type
    NATIONAL COLLEGE OF ARTS, RAWALPINDI CAMPUS - LIBRARY NATIONAL COLLEGE OF ARTS, RAWALPINDI CAMPUS - LIBRARY 09/10/2025 MAT 720 RP007316 RP007316 09/10/2025 Book